000 00687nam a22001817a 4500
005 20251108164910.0
008 250721s1999 xx 000 0 ara d
082 1 4 _a646.72/أشق
100 1 _aالأشقر، هيفاء محمد
245 1 0 _aجمالك سيدتي بالأعشاب :
_bأسهل الطرق للمحافظة على جمال المرأة و نضارتها و حيويتها /
264 1 _aالدار البيضاء :
_bمكتبة السلام الجديدة،
_c1999.
650 1 7 _aعلم الجمال
650 1 7 _aالطب الشعبي
650 1 7 _aالأعشاب الطبية
650 1 7 _aمستحضرات التجميل
942 _2ddc
_cBK
999 _c16982
_d16982